000 01196nam a2200277 a 4500
999 _c487053
_d487053
003 BLK
005 20250719101241.0
008 180412b bul|||||r ||||||| ||bul||
020 _a9786197625721
040 _aBLK
041 _aBUL
_cBUL
080 _aБългарска литература
_b821.163.2
_x-94
_z821.163.2-94
139 _aГоли и солени : морето преди бетона
_bГ 63
245 1 0 _aГоли и солени : морето преди бетона
_bСборник с лични истории
_cсъстав. Жанина Драгостинова ; фотогр. Иван Бакалов
257 _aBGR
260 _bКръг
_c2022
_9209932
_aСофия
_n954-9832-
300 _a247 с.
_c20 см
380 _aX
700 1 _aДрагостинова, Жанина Димитрова
_d1962 -
_gПреводач от немски език
_eсъстав.
_965221
700 1 _935542
_aБакалов, Иван Динев
_eфотогр.
852 _aЦб 315220
_bЦб
856 4 _qpdf
_u
_i0.00
_ldisable
856 4 _qpdf
_u
_i0.00
_ldisable
942 _cKNG
_n0
_s1
_010
944 _aCR
_c2022-12-14
_k30545
_lНора Радева